00644nam a2200205 a 450000100060000000300080000600500170001400800410003102000150007203500190008704000350010604100080014108200240014924501480017326000330032130000200035465000100037470000310038470000230041556299BD-RjUL20211209080359.0161128s2000 bng||||| |||| 00| 0 eng d c Tk. 60.00 a(BD-RjUL)56423 aBD-RjULbengcBD-RjULdBD-RjUL aeng 223a305.4bPOS 200010aPost training utilisation study on management of union parishad and women development /cMd. Akhter hussain khan ; Showkat Ara Begum ...[et al] aBangladesh :bKotbari,c2000 a60 p. ;c24 cm. aWomen akhan, Md. Akhter hussain  aBegum, Showkat Ara